|
|
|
|
| LEADER |
00000cam a2200000 4500 |
| 001 |
vtls001468073 |
| 003 |
SK-MaSNL |
| 005 |
20260327115303.0 |
| 008 |
240314s1863 au 0 cze |
| 015 |
|
|
|a SNBHFA
|
| 035 |
|
|
|a SNK000423378
|
| 040 |
|
|
|a SNK
|b slo
|c SNKHF
|e rda
|
| 041 |
0 |
|
|a cze
|
| 044 |
|
|
|a au
|c AT
|
| 072 |
|
7 |
|a 655
|x Polygrafia. Vydavateľstvá a knižný obchod
|2 konspekt
|
| 072 |
|
7 |
|a 2
|x Náboženstvo
|2 konspekt
|
| 072 |
|
7 |
|a 27-46/-48
|x Pastorálna teológia
|2 konspekt
|
| 080 |
|
|
|a 655.3.066.23
|2 2011
|
| 080 |
|
|
|a 2-475.5
|2 2011
|
| 080 |
|
|
|a 27-475.5
|2 2011
|
| 100 |
1 |
|
|a Hurban, Jozef Miloslav,
|d 1817-1888
|4 aut
|9 93005
|
| 245 |
1 |
0 |
|a Swědectwí prawdy sedmi Starssích církwe ew. A. W. U. Lupčanské,
|b nástin kritický působeni pana Adama Philadelphyho
|
| 264 |
|
3 |
|a We Wídni
|b Tiskem O. O. Mechitharistů
|c 1863
|
| 300 |
|
|
|a 20 strán, 1 nečíslovaná strana
|c 25 cm
|
| 336 |
|
|
|a text
|b txt
|2 rdacontent
|
| 337 |
|
|
|a bez média
|b n
|2 rdamedia
|
| 338 |
|
|
|a zväzok
|b nc
|2 rdacarrier
|
| 504 |
|
|
|a Tlačené poznámky pod čiarou
|
| 546 |
|
|
|a Slovakizovaná čeština
|b Fraktúra
|
| 650 |
0 |
7 |
|a príležitostné tlače
|2 SNKPH
|9 88198
|
| 650 |
0 |
7 |
|a kázne
|2 SNKPH
|9 1954
|
| 710 |
2 |
|
|a Mechitaristi (Viedeň, Rakúsko)
|4 prt
|9 528649
|
| 752 |
|
|
|a Rakúsko
|d Viedeň
|
| 852 |
|
|
|a snk
|p SC 460/17
|
| 958 |
|
|
|a DF
|
| 999 |
|
|
|c 558949
|d 560879
|
| 952 |
|
|
|a SNK
|b SNK
|c SNK_KF
|y PREZ
|7 0
|p 17A0413501
|o snkSC 460/17 D1
|i snkVIII. 1435/55
|8 0
|3 rekatalogizácia
|0 0
|1 0
|4 0
|d 2004-02-09
|l 0
|r 2005-01-02 00:00:00
|w 2026-02-23
|
| 952 |
|
|
|a SNK
|b SNK
|c SNK_KF
|y PREZ
|7 0
|p 17A0546708
|o snkSC 460/17 D2
|i snkD 2429/61
|8 1
|3 rekatalogizácia
|0 0
|1 0
|4 0
|d 2007-03-23
|l 0
|r 2026-02-23 13:36:04
|w 2026-02-23
|
| 952 |
|
|
|a SNK
|b SNK
|c SNK_KF
|y PREZ
|7 8
|p 17A0714761
|o snkSC 460/17
|i snk234828
|8 0
|3 rekatalogizácia
|0 0
|1 0
|4 0
|d 2026-03-27
|l 0
|r 2026-03-27 11:54:25
|w 2026-03-27
|